Регионална библиотека "Любен Каравелов" - Русе

Солунските братя (Запис номер 141984)

MARC детайли
000 -Лидер
Контролно поле с фиксирана дължина 01742nam a2200397 c 4500
003 - Код на организацията, давaща контролен номер
Контролно поле BLK
005 - Дата и час на последна редакция
Контролно поле 20250219163918.0
008 - Елементи от данни с фиксирана дължина
fixed length control field 180409b bul|||||r ||||||| ||bul||
010 ## - Наследен системен номер
LC control number KNG00148060000
040 ## - Източник на каталожния запис
Идентификатор на билиотеката - собственик на записа BLK
041 ## - Код за език
Код за езика на текст/звукозапис или на отделно заглавие Български
Код за езика КДБФ Български
080 ## - УДК
Текстов определител УДК Българска литература
УДК код - определител по УДК 821.163.2
УДК определител -93-32
УДК - код + определител 821.163.2-93-32
100 1# - Редна дума - Автор
Автор Станишев, Кръстьо Иванов
Авторска отговорност първи автор
R(LIN) 363967
139 ## - Редно поле
Редна дума Станишев, Кръстьо Иванов
Авторски знак Стани - С 69
245 10 - Сведения за заглавието
Заглавие Солунските братя
Подзаглавни данни Ист. разказ за деца
Редно поле (дума) Кръстьо Иванов Станишев; нарис. Александър Йончев Поплилов.
257 ## - Страна на издаване
Страна на създаване/издаване България
260 ## - Област на издателските данни
-- София
Име на издателя, разпространителя и проч. Наука и изкуство
Година на издаване 1975
300 ## - Физическа характеристика
Страници 32 с.
Илюстрации и др. с ил.
Размери/Мащаб 29 см
380 ## - Жанр
Жанр Детска худож. лит.
490 1# - СЕРИИ (Колекции)
Име на серия Библиотека България - древна и млада
500 ## - Общи забележки
Забележка 150 114 тир.
600 14 - Име на лице, използвано като предмет
За него / За нея Константин Кирил Философ
9 (RLIN) 245770
600 #0 - Име на лице, използвано като предмет
За него / За нея Методий, слав. първоучител
9 (RLIN) 251014
653 ## - Ключова дума – ненормативна
Ключова дума детска литература
653 ## - Ключова дума – ненормативна
Ключова дума литература за деца
653 ## - Ключова дума – ненормативна
Ключова дума Кирил, славянски първоучител
653 ## - Ключова дума – ненормативна
Ключова дума Методий, славянски първоучител
653 ## - Ключова дума – ненормативна
Ключова дума Константин Кирил Философ
700 1# - Други автори (авторска отговорност)
Лично име Поплилов, Александър Йончев
Автороска отговорност (Описва отношението между автора и произведението) нарис.
9 (RLIN) 379349
852 ## - Местоположение
Форматна сигнатура Цб ІІ 18716
856 4# - Електронен адрес и достъп
Електронен формат pdf - файл
Път до файла /url/
856 4# - Електронен адрес и достъп
Електронен формат pdf - файл
Път до файла /url/
942 ## - АРТИКУЛИ
Вид на библиотечния материал Книги
Скрит в OPAC Не
944 ## - СЪЗДАВАНЕ И РЕДАКЦИЯ на ЗАПИСА
Създаване/Редакция Създаване
Дата на регистрацията/редакция 01.08.2013
Статус, дата на статуса Геновева Генчева
Служител, извършил регистрацията/редакцията 30560
944 ## - СЪЗДАВАНЕ И РЕДАКЦИЯ на ЗАПИСА
Създаване/Редакция Редакция
Дата на регистрацията/редакция 15.09.2017
Статус, дата на статуса ф / 01.08.2013
Служител, извършил регистрацията/редакцията Христина_Везирева
999 ## - СИСТЕМНИ КОНТРОЛНИ НОМЕРА
Koha biblionumber 141984
Koha biblioitemnumber 141984
Наличности
Код за отписване Код за изгубен артикул Източник на класификационната схема Код за повреда Коз за рестрикции Код за отдаване Артикулен № Име на библиотеката - собственик Име на библиотеката, в която се намира в момента Статус (Текущо местоположение) Дата на вписване в системата Местоположение - отдел Цена в лева Инвентарен номер Систематично азбучна сигнатура Баркод Номер на екземпляра Цена в евро Служебна бележка Служебен тип на артикула Бележка за публиката
  Не е изгубен Universal Decimal Classification Не е повреден само за читалня ползва се в читалня 234419 Регионална библиотека "Любен Каравелов" Русе Регионална библиотека "Любен Каравелов" Русе Хранилище 1975-01-01 Хранилище 0.80 185837 Цб ІІ 18716 120000185837 1 0.41 Дост: Dp Вид: Д N: стар фонд Дата: 01.01.1975 Книги  
Изтеглен Не е изгубен   Не е повреден без рестрикции заемане за дома 234420 Регионална библиотека "Любен Каравелов" Русе Регионална библиотека "Любен Каравелов" Русе   1975-01-01 Детски отдел 0.80 187241 Д 886.7/С 69 187241 2 0.41 Дост: Pk Вид: Ф N: стар фонд Дата: 01.01.1975 Дата инв: 28.09.2015 Бележки инв: Д2015 Книги Отч.N: 32/2017 , Дата: 04.09.2017
  Не е изгубен Universal Decimal Classification Не е повреден без рестрикции заемане за дома 234421 Регионална библиотека "Любен Каравелов" Русе Регионална библиотека "Любен Каравелов" Русе Детски отдел 1975-01-01 Детски отдел 0.80 187246 Д 886.7/С 69 120000187246 3 0.41 Дост: Pk Вид: Ф N: стар фонд Дата: 01.01.1975 Дата инв: 17.09.2015 Бележки инв: Д2015 Книги  
Изтеглен Не е изгубен Universal Decimal Classification Не е повреден без рестрикции заемане за дома 234422 Регионална библиотека "Любен Каравелов" Русе Регионална библиотека "Любен Каравелов" Русе Детски отдел 1975-01-01 Детски отдел 0.80 187248 Д 886.7/С 69 187248 4 0.41 Дост: Pk Вид: Ф N: стар фонд Дата: 01.01.1975 Дата инв: 28.09.2015 Бележки инв: Д2015 Книги  
Vip Innovations Ltd, Rousse, Bulgaria 2025